000 00604nam a2200193 a 4500
005 20210219160326.0
008 081010s1961 mx r 000 0 spa d
035 _aUPN01000163189
049 _aUNE
080 _a37.014. 22 "1961" NEI No.2.
100 1 _aNeijs, Karel.
245 1 4 _aLas Cartillas de alfabetización; preparación, evaluación y empleo /
_cKarel Neijs.
260 _aParís :
_bUNESCO,
_c1961.
300 _a119 p.;
_bil.
440 0 _aGuías prácticas para la educación extraescolar; 2
690 _aAlfabetizacion- Metodos de enseñanza
710 2 _aUNESCO
905 _aUNESCO
999 _c135302
_d135302